[Event "European Youth Chess Championship G16"]
[Site "Prague, Top Hotel Prague"]
[Date "2012.08.17"]
[Round "1.1"]
[White "Varga, Melinda"]
[Black "Skakun, Valentina"]
[Result "1-0"]
[WhiteElo "2232"]
[BlackElo "1884"]
[PlyCount "55"]
[EventDate "2012.08.17"]

1. Nf3 c5 2. c4 g6 3. e4 Bg7 4. d4 Qa5+ 5. Nc3 d6 6. d5 Bxc3+ 7. bxc3 Nf6 8.
Qc2 Nxe4 9. Bd3 Nf6 10. O-O O-O 11. Nd2 Nbd7 12. f4 b5 13. Rb1 bxc4 14. Nxc4
Qc7 15. f5 Kg7 16. Qd2 Ng8 17. Qe2 Bb7 18. Ne3 Ndf6 19. c4 e5 20. dxe6 fxe6 21.
fxe6 Rae8 22. Ng4 Nxg4 23. Rxf8 Rxf8 24. Qxg4 Nf6 25. Qh4 Ng8 26. e7 Re8 27.
Bb2+ Kf7 28. Qxh7+ 1-0

[Event "European Youth Chess Championship G16"]
[Site "Prague, Top Hotel Prague"]
[Date "2012.08.17"]
[Round "1.2"]
[White "Beshukova, Ekaterina"]
[Black "Osmanodja, Filiz"]
[Result "0-1"]
[WhiteElo "1879"]
[BlackElo "2199"]
[PlyCount "74"]
[EventDate "2012.08.17"]

1. d4 Nf6 2. Nf3 e6 3. e3 c5 4. b3 b6 5. Bb2 Bb7 6. Bd3 Be7 7. O-O O-O 8. Nbd2
cxd4 9. exd4 Nc6 10. a3 Rc8 11. Qe2 Re8 12. Rac1 Bf8 13. Rfe1 g6 14. Ne5 Bh6
15. Rcd1 Ne7 16. c4 d6 17. Ng4 Nxg4 18. Qxg4 Bg7 19. Qe2 Nf5 20. Bxf5 gxf5 21.
Qh5 Qf6 22. Nf3 h6 23. Ba1 Qg6 24. Qxg6 fxg6 25. Rc1 Bf6 26. Red1 Rc7 27. Ne1
Bg5 28. Rc3 Rec8 29. Nd3 Be4 30. f4 Bf6 31. Nf2 b5 32. Nxe4 fxe4 33. Re3 bxc4
34. bxc4 Rxc4 35. Rxe4 Rc1 36. Rde1 d5 37. Rxe6 Rxa1 0-1

[Event "European Youth Chess Championship G16"]
[Site "Prague, Top Hotel Prague"]
[Date "2012.08.17"]
[Round "1.4"]
[White "Rojikova, Lenka"]
[Black "Tantsiura, Marja"]
[Result "0-1"]
[WhiteElo "1866"]
[BlackElo "2193"]
[PlyCount "58"]
[EventDate "2012.08.17"]

1. e4 g6 2. d4 d6 3. Nc3 a6 4. f4 b5 5. Nf3 Bg7 6. Bd3 Nd7 7. Ne2 c5 8. c3 Bb7
9. O-O e5 10. Kh1 Ne7 11. Be3 exd4 12. cxd4 O-O 13. Qd2 Rc8 14. Rac1 Qe8 15.
Ng3 f5 16. dxc5 dxc5 17. Ng5 c4 18. Bb1 Rc6 19. Rfd1 Nb6 20. Qf2 Nd7 21. Rd2 h6
22. Nf3 Nf6 23. h3 fxe4 24. Nxe4 Nfd5 25. g3 Nxe3 26. Qxe3 Re6 27. Re2 Nf5 28.
Qf2 Bxe4 29. Bxe4 Rxe4 0-1

[Event "European Youth Chess Championship G16"]
[Site "Prague, Top Hotel Prague"]
[Date "2012.08.17"]
[Round "1.5"]
[White "Styazhkina, Anna"]
[Black "Richterova, Natasa"]
[Result "0-1"]
[WhiteElo "2150"]
[BlackElo "1864"]
[PlyCount "142"]
[EventDate "2012.08.17"]

1. e4 Nf6 2. Nc3 e5 3. Nf3 Bb4 4. Bc4 d6 5. a3 Ba5 6. b4 Bb6 7. d4 exd4 8. Nxd4
O-O 9. O-O Nxe4 10. Nxe4 d5 11. Bg5 Qd7 12. Bb5 c6 13. Nc3 cxb5 14. Re1 a6 15.
Nf3 d4 16. Ne5 Qd6 17. Bf4 Qd8 18. Ne4 Nc6 19. Nxc6 bxc6 20. Bd6 Re8 21. Qh5 h6
22. Bc5 Bxc5 23. Qxc5 Be6 24. Nd6 Re7 25. Rad1 Bd5 26. h3 Qd7 27. Rxe7 Qxe7 28.
Nf5 Qxc5 29. bxc5 Be4 30. Nxd4 Rd8 31. c3 Rd5 32. Re1 Bd3 33. Re3 Bb1 34. Nxc6
Rxc5 35. Nb4 a5 36. Na6 Rc6 37. Nb8 Rc8 38. Nd7 Bf5 39. Nb6 Rc5 40. f3 Be6 41.
Rd3 Rc6 42. Na8 Kf8 43. Rd8+ Ke7 44. Rb8 Rxc3 45. Rxb5 Rxa3 46. Nc7 Bc4 47. Rc5
Ra1+ 48. Kh2 Bb3 49. Nb5 a4 50. Nd4 Kd6 51. Nxb3 axb3 52. Rb5 Rb1 53. Rb7 Kc6
54. Rb8 f6 55. Kg3 Kc5 56. Rb7 Kc4 57. Rxg7 Rd1 58. Rc7+ Kd3 59. Rb7 Kc2 60.
Rc7+ Kb1 61. f4 Rc1 62. Rb7 b2 63. Kg4 Rc2 64. g3 Rc3 65. h4 Kc2 66. Rxb2+ Kxb2
67. Kf5 Rxg3 68. Kxf6 Rh3 69. f5 Rxh4 70. Kg6 Rf4 71. f6 h5 0-1

[Event "European Youth Chess Championship G16"]
[Site "Prague, Top Hotel Prague"]
[Date "2012.08.17"]
[Round "1.7"]
[White "Smirnova, Ekaterina"]
[Black "Federovski, Adi"]
[Result "1-0"]
[WhiteElo "2113"]
[BlackElo "1851"]
[PlyCount "53"]
[EventDate "2012.08.17"]

1. e4 d6 2. d4 Nf6 3. Nc3 g6 4. Nf3 Bg7 5. Bc4 O-O 6. O-O e5 7. dxe5 dxe5 8.
Qxd8 Rxd8 9. Nxe5 Rf8 10. f4 Nc6 11. Nxc6 bxc6 12. Be3 h6 13. e5 Nd7 14. Rad1
Nb6 15. Bb3 Bf5 16. Rd2 Rfe8 17. Na4 Bf8 18. Nc5 Rab8 19. Na6 Rbc8 20. h3 h5
21. Rfd1 Bg7 22. Nb4 Be4 23. Rd4 Bxg2 24. Kxg2 c5 25. Rd7 Nxd7 26. Rxd7 Red8
27. Bxf7+ 1-0

[Event "European Youth Chess Championship G16"]
[Site "Prague, Top Hotel Prague"]
[Date "2012.08.17"]
[Round "1.8"]
[White "Rykala, Monika"]
[Black "Navrotescu, Andreea-Cristiana"]
[Result "0-1"]
[WhiteElo "1844"]
[BlackElo "2090"]
[PlyCount "78"]
[EventDate "2012.08.17"]

1. d4 Nf6 2. c4 e6 3. Nc3 Bb4 4. Qc2 O-O 5. e4 c5 6. a3 Bxc3+ 7. bxc3 d5 8. e5
Ne4 9. Bd3 Nc6 10. Ne2 cxd4 11. cxd4 Qa5+ 12. Bd2 Qxd2+ 13. Qxd2 Nxd2 14. Kxd2
Na5 15. Kc3 dxc4 16. Bxc4 b6 17. Bb5 Bb7 18. f3 Bd5 19. Ba6 b5 20. Rab1 Rab8
21. Bxb5 Rfc8+ 22. Kd3 Rxb5 23. Rhc1 Rxc1 24. Rxc1 Rb3+ 25. Nc3 Rxa3 26. Rb1
Rb3 27. Ra1 Nc6 28. Rb1 Rxb1 29. Nxb1 a5 30. Na3 Kf8 31. Kc3 Ke7 32. Kd3 Kd7
33. Nb5 Nb4+ 34. Kc3 f6 35. exf6 gxf6 36. Na3 Kc6 37. h3 Kb6 38. h4 Na2+ 39.
Kc2 a4 0-1

[Event "European Youth Chess Championship G16"]
[Site "Prague, Top Hotel Prague"]
[Date "2012.08.17"]
[Round "1.9"]
[White "Shamatava, Ana"]
[Black "Bartsits, Sabina"]
[Result "1-0"]
[WhiteElo "2086"]
[BlackElo "1841"]
[PlyCount "37"]
[EventDate "2012.08.17"]

1. e4 c5 2. Nf3 d6 3. d4 cxd4 4. Nxd4 Nf6 5. Nc3 a6 6. f3 Nc6 7. Be3 Bd7 8. Qd2
Rc8 9. g4 e5 10. Nb3 h6 11. O-O-O b5 12. Qf2 Qc7 13. Kb1 Be6 14. h4 Ne7 15.
Bxb5+ Nd7 16. Bxa6 Ra8 17. Nb5 Qb8 18. Nxd6+ Kd8 19. Bb7 1-0

[Event "European Youth Chess Championship G16"]
[Site "Prague, Top Hotel Prague"]
[Date "2012.08.17"]
[Round "1.10"]
[White "Tarnowska, Aleksandra"]
[Black "Kostitsina, Liubov"]
[Result "0-1"]
[WhiteElo "1839"]
[BlackElo "2057"]
[PlyCount "112"]
[EventDate "2012.08.17"]

1. e4 c5 2. Nf3 d6 3. d4 cxd4 4. Nxd4 Nf6 5. Nc3 a6 6. Be3 e6 7. a3 b5 8. Bd3
Bb7 9. O-O Nbd7 10. f3 Be7 11. Kh1 O-O 12. g4 Nb6 13. Qe1 Nc4 14. b3 Nxe3 15.
Qxe3 Rc8 16. Nd1 Re8 17. Nf2 g6 18. Ne2 d5 19. Ng3 dxe4 20. Ngxe4 Nd5 21. Qd2
f5 22. Ng3 Bg5 23. Qe1 Ne3 24. Qe2 Nxf1 25. Rxf1 Qd4 26. Nh3 Bh6 27. gxf5 exf5
28. Qg2 Kh8 29. Ne2 Qe3 30. Qf2 Qxf2 31. Rxf2 Kg7 32. Kg2 Kf6 33. Nhg1 Be3 34.
Rf1 Bc5 35. b4 Bb6 36. h4 Bd5 37. Nf4 Bf7 38. Nge2 h6 39. Ng3 Be3 40. Nge2 g5
41. hxg5+ hxg5 42. Nh3 Bd5 43. Ng3 g4 44. Nh5+ Ke5 45. Ng1 Rg8 46. Kh2 Bxg1+
47. Kxg1 gxf3+ 48. Kf2 Rg2+ 49. Ke3 Rg4 50. Rd1 f4+ 51. Kd2 Rh8 52. Re1+ Kd6
53. Nf6 Rg2+ 54. Kc3 f2 55. Rf1 Rhh2 56. Kd4 Bc6 0-1

[Event "European Youth Chess Championship G16"]
[Site "Prague, Top Hotel Prague"]
[Date "2012.08.17"]
[Round "1.11"]
[White "Bezkorovaina, Marija"]
[Black "Harutyunyan, Ani"]
[Result "1-0"]
[WhiteElo "2056"]
[BlackElo "1835"]
[PlyCount "73"]
[EventDate "2012.08.17"]

1. e4 c5 2. Nf3 Nc6 3. d4 cxd4 4. Nxd4 g6 5. Nc3 Bg7 6. Nb3 Nf6 7. Be2 O-O 8.
O-O d6 9. Bg5 a6 10. a4 Rb8 11. Re1 Be6 12. Bf1 Na5 13. Nxa5 Qxa5 14. Qd2 Rfe8
15. Rad1 Qb4 16. b3 b5 17. axb5 axb5 18. Qd3 Bd7 19. Bxf6 exf6 20. Nd5 Qc5 21.
b4 Qc6 22. Qf3 Re6 23. g3 Rc8 24. Bh3 Re5 25. Bxd7 Qxd7 26. Nb6 Qc6 27. Nxc8
Qxc8 28. Rxd6 f5 29. Red1 Bf8 30. Rd8 Qxc2 31. exf5 Rxf5 32. Qe3 Qb2 33. Qd4
Qxd4 34. R1xd4 Kg7 35. f4 h5 36. Kg2 g5 37. R4d5 1-0

[Event "European Youth Chess Championship G16"]
[Site "Prague, Top Hotel Prague"]
[Date "2012.08.17"]
[Round "1.12"]
[White "Djogteva, Jekaterina"]
[Black "Szente Varga, Fruzsina"]
[Result "0-1"]
[WhiteElo "1828"]
[BlackElo "2053"]
[PlyCount "38"]
[EventDate "2012.08.17"]

1. e4 c5 2. Nc3 e6 3. f4 a6 4. a4 b6 5. Bc4 Bb7 6. d3 d5 7. Bb3 dxe4 8. Nxe4
Nf6 9. Qe2 b5 10. Ng5 Be7 11. f5 h6 12. Ne4 Nxe4 13. dxe4 c4 14. Ba2 exf5 15.
exf5 O-O 16. Bd2 Bh4+ 17. Kf1 Re8 18. Qd1 Qd4 19. Nh3 Rd8 0-1

[Event "European Youth Chess Championship G16"]
[Site "Prague, Top Hotel Prague"]
[Date "2012.08.17"]
[Round "1.13"]
[White "Imnadze, Nato"]
[Black "Grochocinska, Urszula"]
[Result "1-0"]
[WhiteElo "2030"]
[BlackElo "1828"]
[PlyCount "83"]
[EventDate "2012.08.17"]

1. e4 e5 2. Nf3 Nc6 3. d3 g6 4. Nbd2 Bg7 5. Be2 d6 6. c3 Nge7 7. O-O O-O 8. b4
a6 9. a4 d5 10. Qb3 dxe4 11. dxe4 Be6 12. Qc2 Nc8 13. Bc4 Bg4 14. h3 Bxf3 15.
Nxf3 Nd6 16. Bb3 Kh8 17. Rd1 Qe7 18. Ba3 Rad8 19. Nd2 b5 20. Re1 Nb8 21. Rad1
Nd7 22. c4 bxc4 23. Nxc4 Nxc4 24. Qxc4 a5 25. Ra1 axb4 26. Bxb4 c5 27. Ba3 Rc8
28. a5 Qd8 29. Bb2 Qc7 30. Bc3 f5 31. exf5 Rxf5 32. Rad1 Rcf8 33. Re2 Nb8 34.
a6 Qb6 35. Ra1 Rf4 36. Qe6 Qb5 37. Rb2 Re8 38. Qd5 Nxa6 39. Ba4 Qc4 40. Qxc4
Rxc4 41. Bxe8 Nc7 42. Rb8 1-0

[Event "European Youth Chess Championship G16"]
[Site "Prague, Top Hotel Prague"]
[Date "2012.08.17"]
[Round "1.14"]
[White "Foster, Chantelle L"]
[Black "Visanescu, Daria-Ioana"]
[Result "0-1"]
[WhiteElo "1824"]
[BlackElo "2019"]
[PlyCount "86"]
[EventDate "2012.08.17"]

1. e4 c5 2. Nf3 d6 3. d4 cxd4 4. Nxd4 Nf6 5. Nc3 a6 6. f3 e5 7. Nb3 Be6 8. Be3
Be7 9. Qd2 O-O 10. O-O-O a5 11. Kb1 a4 12. Nc1 a3 13. b3 Ra5 14. g4 d5 15. g5
d4 16. gxf6 Bxf6 17. Qe1 Nd7 18. Bb5 dxc3 19. Bxd7 Bxd7 20. Qxc3 Ra6 21. Rhg1
Rc6 22. Qd2 Bh3 23. Qxd8 Rxd8 24. Nd3 h5 25. Bc1 Ra8 26. c4 Rd6 27. Nc5 Rxd1
28. Rxd1 Bg2 29. Rd3 Bf1 30. Rc3 Be7 31. Nd7 Bb4 32. Re3 Rd8 33. Nxe5 f6 34.
Kc2 fxe5 35. h4 Kf7 36. f4 exf4 37. Rf3 Be2 38. Rxf4+ Ke6 39. Rf2 Bd3+ 40. Kd1
Bxc4+ 41. Bd2 Bxd2 42. Rxd2 Rxd2+ 43. Kxd2 Bxb3 0-1

[Event "European Youth Chess Championship G16"]
[Site "Prague, Top Hotel Prague"]
[Date "2012.08.17"]
[Round "1.15"]
[White "Garcia-Castany Musellas, Gal La"]
[Black "Gueci, Laura"]
[Result "1-0"]
[WhiteElo "2019"]
[BlackElo "1819"]
[PlyCount "115"]
[EventDate "2012.08.17"]

1. e4 c5 2. Nf3 d6 3. d4 cxd4 4. Nxd4 Nf6 5. Nc3 a6 6. Be2 e5 7. Nb3 Be7 8. O-O
O-O 9. Be3 Be6 10. a4 Nbd7 11. a5 Rc8 12. Qd2 Re8 13. Rfd1 Ng4 14. Bxg4 Bxg4
15. f3 Be6 16. Nc1 Qc7 17. Nd3 Bf8 18. Nb4 Nf6 19. Bb6 Qd7 20. b3 h6 21. Na4
Re7 22. c4 Qe8 23. Nc3 Rd7 24. Nbd5 Bxd5 25. Nxd5 Nxd5 26. exd5 f5 27. Rac1 Be7
28. b4 Bg5 29. Be3 f4 30. Bb6 e4 31. Qe2 e3 32. c5 Bd8 33. Rd4 Bxb6 34. axb6
dxc5 35. bxc5 Qe5 36. Qc4 e2 37. d6+ Kh8 38. Re4 Qf6 39. Qxe2 Kh7 40. Rec4 Rc6
41. Qe4+ Qg6 42. Qxf4 Kg8 43. Re1 Qf7 44. Qxf7+ Kxf7 45. Ree4 a5 46. Kf2 a4 47.
Ke3 Rc8 48. Kd4 Ra8 49. Kd5 a3 50. Ra4 Rdd8 51. Re7+ Kf6 52. Rxa8 Rxa8 53. Re1
a2 54. d7 a1=Q 55. Rxa1 Rxa1 56. d8=Q+ Kg6 57. Qe8+ Kh7 58. Kd6 1-0

[Event "European Youth Chess Championship G16"]
[Site "Prague, Top Hotel Prague"]
[Date "2012.08.17"]
[Round "1.16"]
[White "Sanders, Catheleijne"]
[Black "Utiatskaja, Irina"]
[Result "0-1"]
[WhiteElo "1800"]
[BlackElo "2012"]
[PlyCount "78"]
[EventDate "2012.08.17"]

1. e4 e6 2. d4 d5 3. e5 c5 4. c3 Qb6 5. Nf3 Nc6 6. a3 Nh6 7. b4 cxd4 8. cxd4
Nf5 9. Bb2 Bd7 10. Be2 h5 11. Nc3 Nfxd4 12. Nxd4 Qxd4 13. Qxd4 Nxd4 14. Nxd5
Nxe2 15. Nc7+ Kd8 16. Nxa8 Bb5 17. Rd1+ Kc8 18. Rd2 Nf4 19. Rc2+ Kb8 20. Nc7
Ba4 21. Rc3 Be7 22. g3 Bc6 23. f3 Ng6 24. Na6+ Ka8 25. Nc5 Nxe5 26. Ne4 f5 27.
Nd2 Rd8 28. Bc1 Bf6 29. O-O Nd3 30. Rc2 Ba4 31. Rc4 b5 32. Rc6 Kb8 33. Rxe6
Nxc1 34. Rxc1 Rxd2 35. Rec6 Bd4+ 36. Kh1 Bb6 37. R6c3 Bd1 38. h4 g6 39. Rb1 Bd4
0-1

[Event "European Youth Chess Championship G16"]
[Site "Prague, Top Hotel Prague"]
[Date "2012.08.17"]
[Round "1.17"]
[White "Dragieva, Denitza"]
[Black "Johnova, Eliska"]
[Result "1/2-1/2"]
[WhiteElo "2005"]
[BlackElo "1798"]
[PlyCount "140"]
[EventDate "2012.08.17"]

1. d4 e6 2. Nf3 d5 3. Bf4 c5 4. e3 Nc6 5. Be2 Nf6 6. O-O Be7 7. dxc5 Bxc5 8. c4
O-O 9. Nc3 a6 10. cxd5 exd5 11. Rc1 Ba7 12. a3 d4 13. exd4 Nxd4 14. Nxd4 Bxd4
15. Bf3 Ra7 16. Bb8 Ra8 17. Bg3 Ra7 18. Rc2 Bxc3 19. Rxc3 b5 20. Bd6 Rd7 21.
Bxf8 Rxd1 22. Rxd1 Qxf8 23. Rcd3 Bd7 24. g4 g5 25. Rxd7 Nxd7 26. Rxd7 Qe8 27.
Ra7 Qe6 28. h3 a5 29. Kg2 a4 30. Ra8+ Kg7 31. Rd8 Qf6 32. Rd2 h6 33. Rc2 Qd4
34. Re2 b4 35. axb4 Qxb4 36. Re4 Qb5 37. Rd4 Kf6 38. Re4 Qb3 39. Re2 Qb5 40.
Re4 Qxb2 41. Rxa4 Ke5 42. Ra5+ Kf6 $11 43. Rf5+ Kg7 44. Bd5 f6 45. Bf3 Qb4 46.
Rd5 Qa4 47. Rd8 Qa7 48. Bc6 Qb6 49. Rd7+ Kh8 50. Be4 Kg8 51. Rd5 Kg7 52. Bf3
Qe6 53. Rf5 Qb6 54. h4 gxh4 55. Rh5 h3+ 56. Rxh3 Qd4 57. Rh5 Kg6 58. Rd5 Qf4
59. Rd8 Kg7 60. Rd5 Kg6 61. Rf5 Qd4 62. Kg3 Qd6+ 63. Kh3 Qd2 64. Be4 Kg7 65.
Bd5 Qd3+ 66. f3 Qf1+ 67. Kg3 Qg1+ 68. Kf4 Qd4+ 69. Be4 Qd2+ 70. Kg3 Qe1+
1/2-1/2

[Event "European Youth Chess Championship G16"]
[Site "Prague, Top Hotel Prague"]
[Date "2012.08.17"]
[Round "1.18"]
[White "Hiebler, Laura"]
[Black "Blagojevic, Tijana"]
[Result "0-1"]
[WhiteElo "1795"]
[BlackElo "2004"]
[PlyCount "72"]
[EventDate "2012.08.17"]

1. e4 e5 2. Nf3 Nc6 3. d4 exd4 4. Nxd4 Nf6 5. Nxc6 bxc6 6. e5 Qe7 7. Qe2 Nd5 8.
c4 Nb6 9. b3 g6 10. Bb2 Bg7 11. Nd2 O-O 12. Rb1 Re8 13. f4 d6 14. c5 Nd7 15.
cxd6 cxd6 16. Nc4 dxe5 17. f5 gxf5 18. Ba3 c5 19. Rd1 e4 20. Qc2 f4 21. Nd6
Qh4+ 22. g3 fxg3 23. Bg2 gxh2+ 24. Qf2 Bc3+ 25. Kf1 Ba6+ 26. Nc4 Qxf2+ 27. Kxf2
Bd4+ 28. Ke1 Ne5 29. Nxe5 Rxe5 30. Bc1 Rd8 31. Bd2 Bg1 32. Bf4 Rxd1+ 33. Kxd1
Rd5+ 34. Kc1 f5 35. Bxh2 Be3+ 36. Kb1 Rd2 0-1

[Event "European Youth Chess Championship G16"]
[Site "Prague, Top Hotel Prague"]
[Date "2012.08.17"]
[Round "1.19"]
[White "Vanagaite, Giedre"]
[Black "Chetina, Elizaveta"]
[Result "1-0"]
[WhiteElo "1996"]
[BlackElo "1793"]
[PlyCount "89"]
[EventDate "2012.08.17"]

1. d4 Nf6 2. c4 e6 3. Nf3 d5 4. Nc3 c6 5. e3 Bb4 6. Bd3 dxc4 7. Bxc4 Nd5 8. Bd2
Qa5 9. Rc1 Nd7 10. O-O Bxc3 11. bxc3 N5b6 12. Bb3 Qh5 13. e4 e5 14. Nxe5 Qxd1
15. Rcxd1 Nxe5 16. dxe5 O-O 17. Be3 Re8 18. f4 Bg4 19. Rd6 Rad8 20. Bxb6 axb6
21. h3 Rxd6 22. exd6 Bd7 23. e5 b5 24. Re1 c5 25. Bd5 b6 26. g4 g6 27. Kf2 Kg7
28. Kf3 h6 29. Ke4 h5 30. f5 hxg4 31. hxg4 gxf5+ 32. gxf5 Rh8 33. e6 Bc8 34.
Kd3 fxe6 35. fxe6 Bxe6 36. Bxe6 Kf6 37. d7 Rd8 38. Bh3 Kf7 39. Ke4 Rh8 40. Bf5
Ke7 41. Kd5+ Kd8 42. Kc6 Rh6+ 43. Kxb5 Rd6 44. Re8+ Kc7 45. Rc8+ 1-0

[Event "European Youth Chess Championship G16"]
[Site "Prague, Top Hotel Prague"]
[Date "2012.08.17"]
[Round "1.20"]
[White "Zamanova, Bikakhanim"]
[Black "Bellaiche, Elise"]
[Result "1-0"]
[WhiteElo "1788"]
[BlackElo "1992"]
[PlyCount "139"]
[EventDate "2012.08.17"]

1. e4 e6 2. d3 d5 3. Nd2 c5 4. Ngf3 Nc6 5. g3 Bd6 6. Bg2 Nge7 7. O-O O-O 8. Re1
Bc7 9. Nf1 Rb8 10. Be3 b6 11. Nh4 d4 12. Bd2 e5 13. f4 exf4 14. gxf4 Ng6 15.
Nxg6 fxg6 16. e5 Bb7 17. Ng3 g5 18. Qg4 gxf4 19. Nh5 Qe7 20. Bxf4 Nd8 21. Bg5
Qe6 22. Qg3 Qf7 23. Bf6 Ne6 24. Bh3 Rbe8 25. Bxe6 Rxe6 26. Qxg7+ Qxg7+ 27. Nxg7
Rexf6 28. exf6 Rxf6 29. Nh5 Rg6+ 30. Ng3 Bf4 31. Re8+ Kf7 32. Rae1 Be3+ 33.
R8xe3 dxe3 34. Rxe3 Bd5 35. b3 a6 36. Re5 Be6 37. Kf2 Rf6+ 38. Ke3 Bg4 39. Rg5
Be6 40. Ne4 Rh6 41. Rg2 Bd5 42. Rf2+ Ke7 43. Kf4 a5 44. Ke3 Bxe4 45. dxe4 Re6
46. Kf4 Rf6+ 47. Ke3 Rh6 48. Kd3 b5 49. Ke3 Ke6 50. Rf5 Kd6 51. Rd5+ Kc6 52.
Rd2 Rh4 53. e5 a4 54. Kf3 axb3 55. axb3 Rh3+ 56. Kf4 Rh4+ 57. Kg5 Re4 58. Kf5
Re1 59. Kf6 Rf1+ 60. Ke7 Re1 61. e6 c4 62. bxc4 bxc4 63. Kf7 Rf1+ 64. Ke8 c3
65. Rd3 Re1 66. e7 Re2 67. Rxc3+ Kd6 68. Rd3+ Kc7 69. Rc3+ Kd6 70. Kd8 1-0

[Event "European Youth Chess Championship G16"]
[Site "Prague, Top Hotel Prague"]
[Date "2012.08.17"]
[Round "1.21"]
[White "Hoare, Amy B"]
[Black "Rodsmoen, Maud"]
[Result "1-0"]
[WhiteElo "1958"]
[BlackElo "1777"]
[PlyCount "59"]
[EventDate "2012.08.17"]

1. e4 c6 2. c4 d5 3. cxd5 cxd5 4. exd5 Nf6 5. Nc3 Nxd5 6. Nf3 e6 7. Bc4 Nc6 8.
O-O Be7 9. d4 O-O 10. Re1 Nb6 11. Bb3 Bf6 12. Be3 g6 13. Ne4 Bg7 14. Qd2 Re8
15. Rad1 Ne7 16. Bg5 Nbd5 17. Bxd5 Qxd5 18. Nf6+ Bxf6 19. Bxf6 Qf5 20. Bh4 Qh5
21. Re5 Nf5 22. Qf4 Qh6 23. Rxf5 Qxf4 24. Rxf4 f5 25. Ne5 Kg7 26. Rc1 Kh6 27.
Rc7 Rg8 28. Nf7+ Kh5 29. Bg5 h6 30. Rh4# 1-0

[Event "European Youth Chess Championship G16"]
[Site "Prague, Top Hotel Prague"]
[Date "2012.08.17"]
[Round "1.22"]
[White "Trippold, Denise"]
[Black "Tomin, Ksenija"]
[Result "1/2-1/2"]
[WhiteElo "1773"]
[BlackElo "1954"]
[PlyCount "92"]
[EventDate "2012.08.17"]

1. d4 Nf6 2. c4 e6 3. Nf3 b6 4. g3 Ba6 5. b3 Bb4+ 6. Bd2 Be7 7. Bg2 c6 8. Bc3
d5 9. Ne5 Nfd7 10. Nxd7 Nxd7 11. Nd2 O-O 12. O-O f5 13. Bb2 Rc8 14. Rc1 Bd6 15.
cxd5 exd5 16. Rxc6 Nf6 17. Rxc8 Qxc8 18. Re1 Qe6 19. e3 Qe7 20. Qc2 Ne4 21. Rc1
Bb4 22. Nb1 Rc8 23. Qd1 Re8 24. Qf3 g6 25. Nc3 Qd6 26. Qd1 Rf8 27. Rc2 Kh8 28.
Nxe4 fxe4 29. Bf1 Bb7 30. Qc1 Qf6 31. Ba3 a5 32. Bxb4 axb4 33. a4 bxa3 34. Qxa3
Ra8 35. Qc1 Rf8 36. Qd2 Qd6 37. Qc1 Qf6 38. Qd2 Qd6 39. Qc3 Rc8 40. Qb2 Rf8 41.
Rc3 Kg7 42. Qc2 Rf7 43. Bb5 Qb4 44. Bf1 Qd6 45. Bb5 Qb4 46. Bf1 Qd6 1/2-1/2

[Event "European Youth Chess Championship G16"]
[Site "Prague, Top Hotel Prague"]
[Date "2012.08.17"]
[Round "1.23"]
[White "Ivanova, Simoneta"]
[Black "Sroubova, Lenka"]
[Result "1/2-1/2"]
[WhiteElo "1952"]
[BlackElo "1772"]
[PlyCount "119"]
[EventDate "2012.08.17"]

1. e4 Nf6 2. e5 Nd5 3. d4 d6 4. c4 Nb6 5. exd6 cxd6 6. Nc3 g6 7. Be3 Bg7 8. Rc1
O-O 9. b3 e5 10. dxe5 dxe5 11. c5 N6d7 12. Ne4 Nc6 13. Nf3 Nf6 14. Nd6 Qa5+ 15.
Qd2 Qxd2+ 16. Nxd2 Rb8 17. Nxc8 Rbxc8 18. Nc4 Rfd8 19. Nd6 Rc7 20. Bc4 h6 21.
O-O Ne8 22. Nxf7 Rxf7 23. f4 e4 24. Rcd1 Rxd1 25. Rxd1 Nf6 26. h3 Kf8 27. Bxf7
Kxf7 28. a3 a5 29. g4 Ke6 30. Rd6+ Ke7 31. g5 hxg5 32. fxg5 Ne8 33. Rd1 Be5 34.
Rb1 Nc7 35. Re1 Nd5 36. Kf2 Ke6 37. h4 Kf5 38. Ke2 Nxe3 39. Kxe3 Bd4+ 40. Ke2
Bxc5 41. Rf1+ Kg4 42. Rf6 Kxh4 43. Rxg6 Kh5 44. Rg8 Nd4+ 45. Ke3 Nxb3+ 46. Kxe4
Bxa3 47. Kd5 b5 48. g6 Bb2 49. Rb8 b4 50. Kc4 Nd2+ 51. Kd3 Nf3 52. Rb5+ Kxg6
53. Rxa5 Kf6 54. Kc4 Bc3 55. Rc5 Nd4 56. Kd3 Ba1 57. Rc1 Bb2 58. Rb1 Bc3 59.
Rxb4 Bxb4 60. Kxd4 1/2-1/2

[Event "European Youth Chess Championship G16"]
[Site "Prague, Top Hotel Prague"]
[Date "2012.08.17"]
[Round "1.24"]
[White "Luzikova, Nicola"]
[Black "Pastuszko, Kinga"]
[Result "0-1"]
[WhiteElo "1769"]
[BlackElo "1946"]
[PlyCount "40"]
[EventDate "2012.08.17"]

1. d4 d5 2. Nf3 Nf6 3. c4 c6 4. Nc3 a6 5. c5 Bg4 6. Bf4 Nbd7 7. h3 Bxf3 8. gxf3
Nh5 9. Bh2 e5 10. b4 a5 11. b5 exd4 12. Qxd4 Bxc5 13. Qd3 Qf6 14. bxc6 bxc6 15.
Rc1 O-O 16. Bg2 Ba3 17. Rc2 Nc5 18. Qd2 d4 19. Ne4 Nxe4 20. fxe4 Bb4 0-1

[Event "European Youth Chess Championship G16"]
[Site "Prague, Top Hotel Prague"]
[Date "2012.08.17"]
[Round "1.25"]
[White "Cemhan, Kardelen"]
[Black "Shepherd, Katherine M"]
[Result "1/2-1/2"]
[WhiteElo "1938"]
[BlackElo "1766"]
[PlyCount "85"]
[EventDate "2012.08.17"]

1. e4 e6 2. d4 d5 3. Nd2 Nf6 4. e5 Nfd7 5. Bd3 c5 6. c3 b6 7. Ne2 Ba6 8. Bxa6
Nxa6 9. Nf3 Be7 10. O-O Nc7 11. Re1 O-O 12. Nf4 Nb8 13. Be3 Nc6 14. Rc1 Qd7 15.
h4 Rac8 16. Nh3 cxd4 17. cxd4 f6 18. exf6 Bxf6 19. Nhg5 h6 20. Qc2 hxg5 21.
Qxc6 Qxc6 22. Rxc6 g4 23. Ng5 Nb5 24. Rxc8 Rxc8 25. Nxe6 Re8 26. Nf4 Bxh4 27.
Nxd5 Nxd4 28. Rd1 Nf5 29. g3 Nxe3 30. Nxe3 Bxg3 31. Nxg4 Bh4 32. Rd2 Bg5 33.
Rd7 Re7 34. Rxe7 Bxe7 35. b3 Bd6 36. Kg2 Kf7 37. Kf3 Ke6 38. Ke4 g5 39. f3 Bf4
40. Nf2 Be5 41. Nd3 Bd6 $11 42. Nb2 Bf4 43. Nd3 $11 1/2-1/2

[Event "European Youth Chess Championship G16"]
[Site "Prague, Top Hotel Prague"]
[Date "2012.08.17"]
[Round "1.26"]
[White "Amiridou, Dimitra"]
[Black "Kiseleva, Arina"]
[Result "0-1"]
[WhiteElo "1752"]
[BlackElo "1937"]
[PlyCount "96"]
[EventDate "2012.08.17"]

1. e4 c5 2. Nf3 d6 3. d4 cxd4 4. Nxd4 Nf6 5. Nc3 a6 6. f3 e5 7. Nb3 Be7 8. Bc4
Be6 9. Nd5 Nbd7 10. Be3 b5 11. Nxf6+ Nxf6 12. Bd5 Nxd5 13. exd5 Bd7 14. Qe2 O-O
15. O-O Bg5 16. f4 exf4 17. Bxf4 Qb6+ 18. Qf2 Qxf2+ 19. Rxf2 Bxf4 20. Rxf4 Rfe8
21. Raf1 f6 22. Nd4 Re5 23. Nf5 Bxf5 24. Rxf5 Rc8 25. Rxe5 dxe5 26. c3 Kf7 27.
Kf2 Ke7 28. Ke3 Kd6 29. Rd1 Rc5 30. Ke4 Rc4+ 31. Ke3 f5 32. g3 Rc5 33. Rf1 g6
34. h4 h5 35. Rc1 Rxd5 36. b3 e4 37. Rc2 Rd3+ 38. Kf2 Kc5 39. Kg2 a5 40. b4+
Kb6 41. a3 a4 42. Kf2 Rf3+ 43. Kg2 Kc6 44. c4 Rxa3 45. cxb5+ Kxb5 46. Rc5+ Kxb4
47. Rc6 Ra2+ 48. Kf1 a3 0-1

[Event "European Youth Chess Championship G16"]
[Site "Prague, Top Hotel Prague"]
[Date "2012.08.17"]
[Round "1.27"]
[White "Jacimovic, Sara"]
[Black "Machlik, Monika"]
[Result "1/2-1/2"]
[WhiteElo "1933"]
[BlackElo "1718"]
[PlyCount "116"]
[EventDate "2012.08.17"]

1. d4 Nf6 2. e3 d5 3. Bd3 e6 4. f4 Nbd7 5. Nd2 Be7 6. Ngf3 O-O 7. O-O c5 8. c3
b6 9. Ne5 Bb7 10. Qf3 Qc8 11. Qh3 h6 12. f5 Ne4 13. g4 Qc7 14. Nxd7 Qxd7 15.
Qg2 Nd6 16. Nf3 Kh8 17. Ne5 Qc8 18. fxe6 Qxe6 19. Bf5 Nxf5 20. gxf5 Qd6 21. Qh3
Bg5 22. Rf3 Bc8 23. Bd2 Bf6 24. Ng4 Bg5 25. Kf2 Bd7 26. Ne5 cxd4 27. cxd4 Rac8
28. Bc3 b5 29. a3 a5 30. Bxa5 Rc2+ 31. Kg1 Rxb2 32. Bb4 Rxb4 33. axb4 Bc8 34.
Ra8 Qc7 35. Ra1 Qc3 36. Rb1 g6 37. Qg3 Bxf5 38. Re1 f6 39. Rxf5 gxf5 40. Ng6+
Kg7 41. Nxf8 Kxf8 42. h4 f4 43. Qf2 fxe3 44. Qe2 Bxh4 45. Rd1 Bf2+ 46. Kg2 Qxb4
47. Qh5 Qe7 48. Qxh6+ Qg7+ 49. Qxg7+ Kxg7 50. Rb1 Kf7 51. Rxb5 Ke6 52. Kf3 Bg1
53. Rb6+ Ke7 54. Ke2 Bf2 55. Ra6 Bg1 56. Rc6 Bf2 57. Ra6 Bg1 58. Rc6 Bf2
1/2-1/2